[Event "Bayern-chI Bank Hofmann 27th"]
[Site "Gmund am Tegernsee"]
[Date "2024.11.03"]
[Round "9"]
[White "Krauseneck, Peter"]
[Black "Ploetz, Werner"]
[Result "1/2-1/2"]
[WhiteElo "2082"]
[BlackElo "2229"]
[PlyCount "20"]
[EventDate "2024.10.26"]
[EventType "swiss"]
[EventRounds "9"]
[EventCountry "GER"]
[SourceTitle "CB45_2024"]
[Source "ChessBase"]
[SourceDate "2024.11.06"]
[SourceVersion "1"]
[SourceVersionDate "2024.11.06"]
[SourceQuality "1"]

1. e4 e5 2. Bc4 d6 3. Nc3 Nf6 4. d3 Be7 5. h3 0-0 6. Nf3 c6 7. Bb3 Nbd7 8. 0-0 Nc5 9. Be3 Nxb3 10. axb3 a6 1/2-1/2

[Event "Rottach Egern Seniors Cup 11th"]
[Site "Rottach Egern"]
[Date "2023.04.16"]
[Round "2"]
[White "Krauseneck, Peter"]
[Black "Kaiser, Guenter"]
[Result "1/2-1/2"]
[WhiteElo "2117"]
[BlackElo "1963"]
[PlyCount "76"]
[EventDate "2023.04.15"]
[EventType "swiss"]
[EventRounds "9"]
[EventCountry "GER"]
[SourceTitle "EXT 2024"]
[Source "ChessBase"]
[SourceDate "2023.10.10"]
[SourceVersion "1"]
[SourceVersionDate "2023.10.10"]
[SourceQuality "1"]

1. e4 e6 2. d4 d5 3. Nc3 Nc6 4. Nf3 Nf6 5. Bg5 Be7 6. e5 Ne4 7. Bxe7 Qxe7 8. Bd3 Nxc3 9. bxc3 Na5 10. a4 Bd7 11. 0-0 f6 12. exf6 gxf6 13. Re1 0-0-0 14. Qe2 Qg7 15. Nh4 Rde8 16. f4 Kb8 17. g3 e5 18. fxe5 fxe5 19. dxe5 Nc6 20. Bf5 Nxe5 21. Bxd7 Qxd7 22. Red1 Ng6 23. Qb5 c6 24. Qb4 Qc8 25. Nxg6 hxg6 26. Re1 Qc7 27. a5 c5 28. Qg4 Rxe1+ 29. Rxe1 Qxa5 30. Qf4+ Qc7 31. Qf6 Qd8 32. Re7 Qf8 33. Qd6+ Ka8 34. Qd7 Qc8 35. Qxd5 Rd8 36. Qe4 Rd7 37. Re8 Rd8 38. Re7 Rd7 1/2-1/2

[Event "Mittelfrank Regionalliga Nord-West 2223"]
[Site "Mittelfranken"]
[Date "2023.03.05"]
[Round "7.3"]
[White "Krauseneck, Peter"]
[Black "Helm, Timo"]
[Result "0-1"]
[WhiteElo "2020"]
[BlackElo "2123"]
[PlyCount "50"]
[EventDate "2022.10.09"]
[EventType "team-tourn"]
[EventRounds "9"]
[EventCountry "GER"]
[SourceTitle "EXT 2024"]
[Source "ChessBase"]
[SourceDate "2023.10.10"]
[SourceVersion "1"]
[SourceVersionDate "2023.10.10"]
[SourceQuality "1"]
[WhiteTeam "Bamberg II"]
[BlackTeam "Bad Neustadt"]
[WhiteTeamCountry "GER"]
[BlackTeamCountry "GER"]

1. b3 d5 2. Bb2 c5 3. e3 Nf6 4. f4 Nc6 5. Nf3 Bg4 6. Be2 Qc7 7. d3 Bxf3 8. Bxf3 e5 9. g3 0-0-0 10. Nd2 Bd6 11. Be2 h5 12. Nf3 d4 13. fxe5 Nxe5 14. Nxe5 Bxe5 15. exd4 cxd4 16. Qd2 Nd5 17. 0-0-0 Nc3 18. Rde1 Nxa2+ 19. Kb1 Nc3+ 20. Kc1 Qa5 21. Qg5 Rhe8 22. Bxh5 g6 23. Bf3 f6 24. Qh6 Qc7 25. Qxg6 Bf4+ 0-1

[Event "Mittelfrank Regionalliga Nord-West 2223"]
[Site "Mittelfranken"]
[Date "2022.12.11"]
[Round "4.4"]
[White "Krauseneck, Peter"]
[Black "Wisheckel, Lena"]
[Result "0-1"]
[WhiteElo "2020"]
[BlackElo "1937"]
[PlyCount "184"]
[EventDate "2022.10.09"]
[EventType "team-tourn"]
[EventRounds "9"]
[EventCountry "GER"]
[SourceTitle "EXT 2024"]
[Source "ChessBase"]
[SourceDate "2023.10.10"]
[SourceVersion "1"]
[SourceVersionDate "2023.10.10"]
[SourceQuality "1"]
[WhiteTeam "Bamberg II"]
[BlackTeam "Stetten"]
[WhiteTeamCountry "GER"]
[BlackTeamCountry "GER"]

1. d4 Nf6 2. Bg5 c5 3. Bxf6 exf6 4. d5 d6 5. c4 g6 6. Nc3 Bg7 7. e3 0-0 8. Bd3 Nd7 9. Nge2 Ne5 10. 0-0 Re8 11. a3 b6 12. Rc1 Bd7 13. b3 Nxd3 14. Qxd3 a6 15. Ng3 f5 16. a4 Rb8 17. Rfe1 Qh4 18. Nce2 b5 19. axb5 axb5 20. Nf1 b4 21. Nd2 Ra8 22. Rc2 Ra3 23. Nf3 Qe4 24. Qxe4 fxe4 25. Nd2 f5 26. Rb1 Rea8 27. f3 exf3 28. gxf3 Ra2 29. Rbc1 Bb2 30. Rd1 Bc3 31. Rxa2 Rxa2 32. Nxc3 bxc3 33. Nf1 Rb2 34. Rc1 Rxb3 35. Ng3 c2 36. Rxc2 Rxe3 37. Kf2 f4 38. Ne2 g5 39. h4 h6 40. hxg5 hxg5 41. Ra2 Kf7 42. Ra7 Ke7 43. Ng1 Rc3 44. Nh3 g4 45. Ng5 g3+ 46. Kg2 Rxc4 47. Ne6 Rc2+ 48. Kg1 Rf2 49. Nxf4 Rxf3 50. Ng6+ Kd8 51. Kg2 Rf6 52. Nh4 Rf4 53. Ra8+ Kc7 54. Ra7+ Kc8 55. Ng6 Ra4 56. Rxa4 Bxa4 57. Kxg3 Kc7 58. Kf2 Kb6 59. Ke3 Bb3 60. Nf4 Kb5 61. Kd2 Kc4 62. Ke3 Ba2 63. Ne2 Bb1 64. Nf4 Bh7 65. Nh5 Bg8 66. Nf6 Bf7 67. Ke4 Kb3 68. Kd3 c4+ 69. Kd2 Kb2 70. Ne4 Bxd5 71. Nc3 Bc6 72. Nd1+ Kb3 73. Ne3 Be4 74. Nd1 d5 75. Nc3 Kb4 76. Ne2 Bg6 77. Ke3 Kc5 78. Nd4 c3 79. Ne6+ Kc4 80. Nd4 c2 81. Ne2 d4+ 82. Kd2 d3 83. Nf4 Bh7 84. Kc1 Kc3 85. Nd5+ Kd4 86. Nf4 Ke3 87. Nd5+ Ke2 88. Nf4+ Kf3 89. Nd5 Bg8 90. Nf6 Ke2 91. Ne4 Bh7 92. Ng3+ Ke1 0-1

[Event "Bayern-chI Bank Hofmann 25th"]
[Site "Tegernsee"]
[Date "2022.11.11"]
[Round "7"]
[White "Krauseneck, Peter"]
[Black "Koepke, Christian"]
[Result "0-1"]
[WhiteElo "2121"]
[BlackElo "2301"]
[PlyCount "80"]
[EventDate "2022.11.05"]
[EventType "swiss"]
[EventRounds "9"]
[EventCountry "GER"]
[SourceTitle "CBM 211 Extra"]
[Source "ChessBase"]
[SourceDate "2023.01.31"]
[SourceVersion "1"]
[SourceVersionDate "2023.01.31"]
[SourceQuality "1"]

1. d4 d5 2. Bg5 f6 3. Bf4 c5 4. c3 Nc6 5. Nf3 Qb6 6. Bc1 cxd4 7. cxd4 Bf5 8. e3 Rc8 9. Be2 Nb4 10. Na3 Nc2+ 11. Nxc2 Bxc2 12. Qd2 e5 13. a3 e4 14. Nh4 g6 15. 0-0 Bd6 16. f4 Ne7 17. g3 0-0 18. b4 Ba4 19. Bd1 Bb5 20. Be2 Ba4 21. Bd1 Bb5 22. Be2 Rc7 23. Bb2 Rfc8 24. Rfc1 Bxe2 25. Qxe2 a5 26. bxa5 Qxa5 27. Rxc7 Rxc7 28. Ng2 Qa4 29. Ne1 Qb3 30. Kf2 Nc6 31. Bc1 Na5 32. Qb2 Rc3 33. Qe2 Nc4 34. Qg4 f5 35. Qh4 Rxc1 36. Qd8+ Kg7 37. Qd7+ Kh6 38. Rxc1 Qxe3+ 39. Kg2 Qxc1 40. g4 Qd2+ 0-1

[Event "Bayern-chI Bank Hofmann 25th"]
[Site "Tegernsee"]
[Date "2022.11.08"]
[Round "4"]
[White "Mikrut, Dariusz"]
[Black "Krauseneck, Peter"]
[Result "1-0"]
[WhiteElo "2317"]
[BlackElo "2121"]
[PlyCount "91"]
[EventDate "2022.11.05"]
[EventType "swiss"]
[EventRounds "9"]
[EventCountry "GER"]
[SourceTitle "CBM 211 Extra"]
[Source "ChessBase"]
[SourceDate "2023.01.31"]
[SourceVersion "1"]
[SourceVersionDate "2023.01.31"]
[SourceQuality "1"]

1. d4 e6 2. Nf3 b6 3. e4 Bb7 4. Bd3 d6 5. c4 Nd7 6. Nc3 g6 7. Bg5 Ne7 8. h4 h5 9. Qd2 Bg7 10. 0-0-0 Nf6 11. d5 e5 12. Kb1 Ng4 13. Qe2 f6 14. Bc1 a6 15. Ne1 Bh6 16. f3 Bxc1 17. Rxc1 Nh6 18. Nc2 Qd7 19. Ne3 f5 20. Bc2 0-0 21. exf5 Nhxf5 22. Nxf5 Nxf5 23. Qd2 Qg7 24. Bxf5 gxf5 25. Qg5 Rf6 26. f4 Raf8 27. Qxh5 Rg6 28. Rhf1 Bc8 29. fxe5 dxe5 30. Qf3 e4 31. Qe3 Rg3 32. Qe1 Rxg2 33. Rf4 Kh7 34. Ne2 Qe5 35. Rf2 Rxf2 36. Qxf2 f4 37. Rg1 f3 38. Rg5 Bf5 39. Rh5+ Kg6 40. Qg1+ Kf7 41. Nd4 Rg8 42. Rxf5+ Qxf5 43. Qxg8+ Kxg8 44. Nxf5 Kh7 45. Kc2 Kg6 46. Ng3 1-0

[Event "Bayern-chI Bank Hofmann 25th"]
[Site "Tegernsee"]
[Date "2022.11.06"]
[Round "2"]
[White "Song, Julien"]
[Black "Krauseneck, Peter"]
[Result "1-0"]
[WhiteElo "2361"]
[BlackElo "2121"]
[PlyCount "121"]
[EventDate "2022.11.05"]
[EventType "swiss"]
[EventRounds "9"]
[EventCountry "GER"]
[SourceTitle "CBM 211 Extra"]
[Source "ChessBase"]
[SourceDate "2023.01.31"]
[SourceVersion "1"]
[SourceVersionDate "2023.01.31"]
[SourceQuality "1"]

1. e4 e6 2. d4 b6 3. Bd3 Bb7 4. Nf3 d6 5. c4 Nd7 6. Nc3 g6 7. 0-0 Bg7 8. Be3 Ne7 9. Qd2 0-0 10. Rfe1 e5 11. Bf1 f5 12. Bg5 Qe8 13. Rad1 fxe4 14. Nxe4 Nf5 15. d5 h6 16. Be3 a5 17. Bd3 Nxe3 18. Rxe3 Nf6 19. Qc2 Bc8 20. Ng3 g5 21. Rde1 Bd7 22. Nd4 Ng4 23. R3e2 Kh8 24. Ndf5 Qf7 25. h3 Nf6 26. Ne3 Ng8 27. Bg6 Qe7 28. Qd2 Qf6 29. Bb1 Qf7 30. Qc2 Nf6 31. Ng4 h5 32. Ne3 Rg8 33. Ngf5 Bf8 34. g4 h4 35. Nd1 Qh7 36. Qd2 Qf7 37. Nc3 Re8 38. Ne3 Bh6 39. Bf5 Bf8 40. Qc2 Qg7 41. Ne4 Bxf5 42. Nxf5 Qg6 43. Nc3 Rc8 44. Nb5 Qe8 45. Nbd4 Qd7 46. Nc6 Ra8 47. Re3 Re8 48. Rf3 Qh7 49. Qd2 Qg6 50. Re2 Kh7 51. a3 Qf7 52. Nfd4 Rg6 53. Qc2 Kh6 54. Ne6 Rxe6 55. Nd8 Qd7 56. Nxe6 Bg7 57. Rf5 c6 58. Qd2 Nh7 59. f4 gxf4 60. Nxf4 exf4 61. Rh5# 1-0

[Event "Mittelfrank Regionalliga Nord-West 2223"]
[Site "Mittelfranken"]
[Date "2022.10.09"]
[Round "1.4"]
[White "Krauseneck, Peter"]
[Black "Haasner, Tom"]
[Result "1-0"]
[WhiteElo "2020"]
[BlackElo "1961"]
[PlyCount "31"]
[EventDate "2022.10.09"]
[EventType "team-tourn"]
[EventRounds "9"]
[EventCountry "GER"]
[SourceTitle "EXT 2024"]
[Source "ChessBase"]
[SourceDate "2023.10.10"]
[SourceVersion "1"]
[SourceVersionDate "2023.10.10"]
[SourceQuality "1"]
[WhiteTeam "Bamberg II"]
[BlackTeam "Rottendorf"]
[WhiteTeamCountry "GER"]
[BlackTeamCountry "GER"]

1. d4 d5 2. Bg5 Nf6 3. Bxf6 gxf6 4. e3 c5 5. dxc5 e6 6. c4 dxc4 7. Qa4+ Nd7 8. Bxc4 Bxc5 9. Nc3 Kf8 10. 0-0-0 Qc7 11. Bb5 Ke7 12. Nge2 Nb6 13. Qh4 Bd7 14. Bxd7 Nxd7 15. Nf4 Rac8 16. Nfd5+ 1-0

[Event "Mittelfranken Landesliga Nord 2122"]
[Site "Mittelfranken"]
[Date "2022.06.26"]
[Round "3.6"]
[White "Krauseneck, Peter"]
[Black "Flach, Manuel"]
[Result "1-0"]
[WhiteElo "2058"]
[BlackElo "1860"]
[PlyCount "109"]
[EventDate "2021.10.24"]
[EventType "team-tourn"]
[EventRounds "9"]
[EventCountry "GER"]
[SourceTitle "EXT 2024"]
[Source "ChessBase"]
[SourceDate "2023.10.10"]
[SourceVersion "1"]
[SourceVersionDate "2023.10.10"]
[SourceQuality "1"]
[WhiteTeam "Bamberg"]
[BlackTeam "Klingenberg"]
[WhiteTeamCountry "GER"]
[BlackTeamCountry "GER"]

1. e4 c5 2. Nf3 Nc6 3. Bb5 g6 4. 0-0 Bg7 5. Re1 e5 6. Nc3 Nge7 7. d3 0-0 8. Bc4 d6 9. h3 a6 10. a3 b5 11. Ba2 b4 12. axb4 Nxb4 13. Bb3 h6 14. Nh2 Be6 15. Bxe6 fxe6 16. Be3 Nec6 17. Ne2 Nd4 18. c3 Nxe2+ 19. Qxe2 Nc6 20. Ra4 Qe7 21. Rea1 a5 22. Qg4 Kh7 23. Qd1 d5 24. exd5 exd5 25. Rg4 e4 26. dxe4 Ne5 27. Qxd5 Nxg4 28. Nxg4 Rfd8 29. Qc4 h5 30. Nh2 Re8 31. Nf3 Bh6 32. Bxh6 Kxh6 33. e5 Reb8 34. Ra2 Rb6 35. h4 Re6 36. b4 cxb4 37. cxb4 a4 38. b5 a3 39. Qf4+ Kg7 40. Qe3 Qb4 41. Qd3 Rb6 42. Qd7+ Kh6 43. Ng5 Qe1+ 44. Kh2 Qxe5+ 45. g3 Qg7 46. Qd5 Ra7 47. Qc5 Qf6 48. Ne4 Qd8 49. Rd2 Qb8 50. Qg5+ Kg7 51. Rd8 Qc7 52. Qd5 Rbb7 53. Rg8+ Kh7 54. Nf6+ Kh6 55. Qg5# 1-0

[Event "Mittelfranken Landesliga Nord 2122"]
[Site "Mittelfranken"]
[Date "2022.05.29"]
[Round "9.6"]
[White "Krauseneck, Peter"]
[Black "Seidenschwarz, Holger"]
[Result "1/2-1/2"]
[WhiteElo "2058"]
[BlackElo "1896"]
[PlyCount "148"]
[EventDate "2021.10.24"]
[EventType "team-tourn"]
[EventRounds "9"]
[EventCountry "GER"]
[SourceTitle "EXT 2024"]
[Source "ChessBase"]
[SourceDate "2023.10.10"]
[SourceVersion "1"]
[SourceVersionDate "2023.10.10"]
[SourceQuality "1"]
[WhiteTeam "Bamberg"]
[BlackTeam "Kelheim"]
[WhiteTeamCountry "GER"]
[BlackTeamCountry "GER"]

1. d4 d5 2. Bg5 Nf6 3. Bxf6 exf6 4. e3 Be7 5. c4 dxc4 6. Bxc4 c6 7. Nc3 0-0 8. Nge2 f5 9. 0-0 Nd7 10. a3 Nf6 11. Qc2 Re8 12. Qb3 Rf8 13. Rad1 Qb6 14. Qa2 a5 15. h3 g6 16. Nf4 Bd6 17. Nd3 Qc7 18. a4 Re8 19. Rfe1 Be6 20. Rc1 Qd7 21. Red1 Bxc4 22. Qxc4 Qe6 23. Qxe6 fxe6 24. Ne5 Kg7 25. Nc4 Bc7 26. f4 Nd5 27. Nxd5 exd5 28. Ne5 h5 29. g3 Bd6 30. Kf2 Ra6 31. Rd3 Rb6 32. b3 Re7 33. Kf3 Kf6 34. g4 hxg4+ 35. hxg4 Rh7 36. Rg1 Bxe5 37. fxe5+ Ke6 38. Kf4 Rh4 39. Kg5 Rxg4+ 40. Rxg4 fxg4 41. Kxg4 Rb4 42. Kg5 c5 43. Kxg6 c4 44. bxc4 Rxc4 45. Ra3 Rb4 46. Kg5 Rb1 47. Kg4 Rb2 48. Rc3 Ra2 49. Rc7 Rxa4 50. Rxb7 Ra1 51. Rb6+ Ke7 52. Ra6 a4 53. e6 Rf1 54. Rxa4 Kxe6 55. Ra6+ Ke7 56. Rh6 Rf2 57. Rh5 Ke6 58. Re5+ Kd6 59. Rf5 Re2 60. Kf3 Re1 61. Rf6+ Ke7 62. Rh6 Rf1+ 63. Ke2 Rg1 64. Kf2 Ra1 65. Kg3 Rf1 66. Kg4 Rf2 67. Rh3 Ke6 68. Rf3 Rg2+ 69. Kf4 Rg1 70. Rf2 Rg8 71. Rh2 Rf8+ 72. Kg4 Rf6 73. Rh4 Rf1 74. Rh6+ Ke7 1/2-1/2

[Event "Bayern-chI Bank Hofmann 24th"]
[Site "Tegernsee"]
[Date "2021.11.03"]
[Round "5"]
[White "Krauseneck, Peter"]
[Black "Suvorov, Alexander David"]
[Result "0-1"]
[WhiteElo "2117"]
[BlackElo "2392"]
[PlyCount "104"]
[EventDate "2021.10.30"]
[EventType "swiss"]
[EventRounds "9"]
[EventCountry "GER"]
[SourceTitle "CBM 205 Extra"]
[Source "ChessBase"]
[SourceDate "2022.01.31"]
[SourceVersion "1"]
[SourceVersionDate "2022.01.31"]
[SourceQuality "1"]

1. b3 e5 2. Bb2 Nc6 3. c4 Nf6 4. Nc3 d5 5. cxd5 Nxd5 6. Nf3 Nxc3 7. dxc3 Qf6 8. e4 Qg6 9. Qc2 Be7 10. 0-0-0 0-0 11. Nd2 Be6 12. f3 a6 13. g4 b5 14. h4 f6 15. Bd3 Rfb8 16. Nf1 Bc5 17. Qe2 b4 18. Bc4 Qf7 19. Bd5 Bxd5 20. Rxd5 Bd6 21. Ne3 bxc3 22. Bxc3 Nb4 23. Ra5 Rb5 24. Rxb5 axb5 25. Bxb4 Bxb4 26. Kb1 c6 27. Rd1 Bc5 28. Nf5 Qa7 29. Rd3 Bd4 30. Nxd4 exd4 31. b4 Rd8 32. Qc2 Qe7 33. a3 Qe6 34. Kb2 h5 35. Qb3 Qxb3+ 36. Kxb3 hxg4 37. fxg4 Kf7 38. Kc2 Ke6 39. Rf3 Ra8 40. g5 fxg5 41. hxg5 Ke5 42. Rf7 Kxe4 43. Rxg7 Rxa3 44. Rd7 Rg3 45. Rd6 Rc3+ 46. Kd2 c5 47. bxc5 Rxc5 48. g6 Rg5 49. Rb6 Rg2+ 50. Ke1 Kd5 51. Rxb5+ Ke4 52. Rd5 Ke3 0-1

[Event "GER-ch Net blitz qual1"]
[Site "Playchess.com INT"]
[Date "2021.04.24"]
[Round "3"]
[White "Krauseneck, Peter"]
[Black "Beyerlein, Andreas"]
[Result "1-0"]
[WhiteElo "1786"]
[BlackElo "1620"]
[PlyCount "125"]
[EventDate "2021.04.24"]
[EventType "swiss (blitz)"]
[EventRounds "11"]
[EventCountry "GER"]
[SourceTitle "CBM 202 Extra"]
[Source "ChessBase"]
[SourceDate "2021.07.31"]
[SourceVersion "1"]
[SourceVersionDate "2021.07.31"]
[SourceQuality "1"]

1. e4 c5 2. Nf3 d6 3. c3 Nf6 4. Bc4 Nxe4 5. Qa4+ Nc6 6. Bxf7+ Kxf7 7. Qxe4 e6 8. d4 Be7 9. 0-0 d5 10. Qf4+ Ke8 11. Qg3 Bf6 12. dxc5 Qe7 13. Bg5 Rf8 14. Bxf6 Rxf6 15. b4 a6 16. Nbd2 Rg6 17. Qh4 Qxh4 18. Nxh4 Rg4 19. Nhf3 e5 20. h3 Rg6 21. Rfe1 Bxh3 22. Nxe5 Nxe5 23. Rxe5+ Kf7 24. g3 Rd8 25. Nb3 Bg4 26. Rae1 Rd7 27. Nd4 h5 28. f3 Bh3 29. Kf2 h4 30. g4 Rf6 31. Rf5 g6 32. Rxf6+ Kxf6 33. Rh1 Bxg4 34. fxg4 g5 35. Kg2 Re7 36. Rf1+ Kg6 37. Rf5 Re3 38. Rxd5 Rxc3 39. a4 Ra3 40. Rd6+ Kf7 41. Rd7+ Kg6 42. Rxb7 Rg3+ 43. Kh2 Rxg4 44. Nf3 Rc4 45. Ne5+ Kf5 46. Nxc4 Ke4 47. Nd6+ Kd5 48. Rg7 Kc6 49. Rxg5 Kc7 50. Rh5 Kc6 51. Rxh4 Kc7 52. Kg3 Kc6 53. Kf3 a5 54. Ke4 axb4 55. Kd4 b3 56. Rh3 b2 57. Rb3 Kc7 58. Rxb2 Kc6 59. Rb6+ Kc7 60. Kd5 Kd8 61. c6 Kc7 62. Rb7+ Kd8 63. Rd7# 1-0

[Event "GER-ch Net blitz qual1"]
[Site "Playchess.com INT"]
[Date "2021.04.24"]
[Round "6"]
[White "Krauseneck, Peter"]
[Black "Frohnhaeuser, Simon"]
[Result "0-1"]
[WhiteElo "1786"]
[BlackElo "1928"]
[PlyCount "184"]
[EventDate "2021.04.24"]
[EventType "swiss (blitz)"]
[EventRounds "11"]
[EventCountry "GER"]
[SourceTitle "CBM 202 Extra"]
[Source "ChessBase"]
[SourceDate "2021.07.31"]
[SourceVersion "1"]
[SourceVersionDate "2021.07.31"]
[SourceQuality "1"]

1. e4 c5 2. Nf3 Nc6 3. Bb5 g6 4. c3 Bg7 5. d4 cxd4 6. cxd4 d5 7. e5 Qb6 8. Nc3 e6 9. 0-0 Nge7 10. Bg5 0-0 11. Qd2 Nf5 12. Rad1 a6 13. Ba4 Qa5 14. Bxc6 bxc6 15. g4 h6 16. gxf5 hxg5 17. fxg6 fxg6 18. Nxg5 Rf5 19. Kh1 c5 20. f4 Ra7 21. Ne2 Qxd2 22. Rxd2 c4 23. Ng3 Rf8 24. h4 Bh6 25. Kh2 Bxg5 26. fxg5 Rxf1 27. Nxf1 Rf7 28. Ng3 Rf4 29. Kh3 Bd7 30. h5 gxh5 31. Nxh5 Rf3+ 32. Kg4 Rf7 33. g6 Re7 34. Kg5 Be8 35. Nf6+ Kg7 36. Rh2 Bxg6 37. Kf4 Rb7 38. Kg5 a5 39. a3 Rb3 40. Rg2 Rd3 41. Ng4 Rxd4 42. Ne3 Re4 43. Ng4 d4 44. Rf2 d3 45. Rf4 d2 46. Nf2 Rxf4 47. Kxf4 Bc2 48. Ke3 d1Q 49. Nxd1 Bxd1 50. Kd4 Bb3 51. Kc5 a4 52. Kd6 Kf7 53. Kd7 Bc2 54. Kd6 Bd1 55. Kc5 Ke7 56. Kxc4 Kd7 57. Kc5 Bb3 58. Kb5 Kc7 59. Kc5 Bd1 60. Kb5 Bb3 61. Kc5 Kd7 62. Kb5 Ke7 63. Kc5 Kf7 64. Kd4 Kg6 65. Ke4 Kg5 66. Ke3 Kf5 67. Kd4 Kf4 68. Kc3 Kxe5 69. Kd3 Kd5 70. Ke3 e5 71. Kd3 e4+ 72. Ke3 Ke5 73. Ke2 Kd4 74. Kd2 e3+ 75. Ke2 Ke4 76. Ke1 Kd3 77. Kf1 Kd2 78. Kg2 e2 79. Kf3 e1Q 80. Kf4 Qe3+ 81. Kg4 Kd3 82. Kf5 Qd4 83. Kg5 Qe4 84. Kf6 Qd5 85. Kg7 Qe6 86. Kh7 Bc2 87. Kg7 Ke4 88. Kf8 Qd7 89. Kg8 Kf5 90. Kf8 Kf6 91. Kg8 Qf7+ 92. Kh8 Qg7# 0-1

[Event "GER-ch Net blitz qual1"]
[Site "Playchess.com INT"]
[Date "2021.04.24"]
[Round "1"]
[White "Krauseneck, Peter"]
[Black "Wagner, Jochen"]
[Result "1-0"]
[WhiteElo "1786"]
[BlackElo "1472"]
[PlyCount "103"]
[EventDate "2021.04.24"]
[EventType "swiss (blitz)"]
[EventRounds "11"]
[EventCountry "GER"]
[SourceTitle "CBM 202 Extra"]
[Source "ChessBase"]
[SourceDate "2021.07.31"]
[SourceVersion "1"]
[SourceVersionDate "2021.07.31"]
[SourceQuality "1"]

1. d4 e6 2. e4 f5 3. exf5 exf5 4. Nf3 Be7 5. Bd3 d6 6. 0-0 Nf6 7. Re1 0-0 8. c4 Ne4 9. Bxe4 fxe4 10. Rxe4 Bf5 11. Re3 Bf6 12. Nc3 Nc6 13. d5 Ne5 14. Nxe5 Bxe5 15. h3 Qf6 16. Rf3 Qg6 17. Bd2 Rae8 18. Kh1 Re7 19. Bf4 Bxc3 20. bxc3 Be4 21. Rg3 Qf6 22. Be3 Ref7 23. Bd4 Qh6 24. Qc1 Qxc1+ 25. Rxc1 g6 26. Re1 Bf5 27. h4 h5 28. Ree3 Kh7 29. Ref3 Bb1 30. Rxf7+ Rxf7 31. a3 Ba2 32. c5 Bxd5 33. cxd6 cxd6 34. Bxa7 Re7 35. Be3 Rf7 36. Rg5 Rf5 37. Rxf5 gxf5 38. Kh2 Bc6 39. Kg3 Kg6 40. Bf4 d5 41. Be5 Bb5 42. Kf4 Bd3 43. g3 Be4 44. Bd4 Bd3 45. Ke5 Be4 46. a4 Bc2 47. a5 Be4 48. Kd6 Bd3 49. Kxd5 Ba6 50. Kd6 Bb5 51. Kc7 Bc6 52. a6 1-0

[Event "GER-ch Seniors 65 32nd"]
[Site "Magdeburg"]
[Date "2020.08.18"]
[Round "5"]
[White "Krauseneck, Peter"]
[Black "Steingrobe, Udo"]
[Result "1-0"]
[WhiteElo "2120"]
[BlackElo "2024"]
[PlyCount "74"]
[EventDate "2020.08.14"]
[EventType "swiss"]
[EventRounds "9"]
[EventCountry "GER"]
[SourceTitle "EXT 2021"]
[Source "ChessBase"]
[SourceDate "2020.10.23"]
[SourceVersion "1"]
[SourceVersionDate "2020.10.23"]
[SourceQuality "1"]

1. b3 e5 2. Bb2 Nc6 3. e3 d5 4. Bb5 Bd6 5. f4 Qe7 6. Nf3 Bg4 7. fxe5 Bxf3 8. Qxf3 Bxe5 9. Bxe5 Qxe5 10. 0-0 Nf6 11. Nc3 0-0 12. Bxc6 bxc6 13. Qf4 Qd6 14. Rf3 Rab8 15. a3 Rbe8 16. Qa4 Ra8 17. Raf1 Rfe8 18. h3 Re6 19. Kh1 Nh5 20. Qh4 Rh6 21. Qf2 Nf6 22. Kg1 Rg6 23. Rf4 Rf8 24. Ra4 Qe6 25. Qf3 Ra8 26. e4 h6 27. Qf5 Rg5 28. Qxe6 fxe6 29. d3 Nd7 30. Ra6 Nb6 31. a4 dxe4 32. Nxe4 Rf5 33. a5 Nd5 34. Rxc6 Nf4 35. Rf2 g5 36. Rxe6 Rxa5 37. Rxh6 Ra1+ 1-0

[Event "GER-ch Seniors 65 32nd"]
[Site "Magdeburg"]
[Date "2020.08.17"]
[Round "4"]
[White "Harringer, Manfred"]
[Black "Krauseneck, Peter"]
[Result "1/2-1/2"]
[WhiteElo "2008"]
[BlackElo "2120"]
[PlyCount "205"]
[EventDate "2020.08.14"]
[EventType "swiss"]
[EventRounds "9"]
[EventCountry "GER"]
[SourceTitle "EXT 2021"]
[Source "ChessBase"]
[SourceDate "2020.10.23"]
[SourceVersion "1"]
[SourceVersionDate "2020.10.23"]
[SourceQuality "1"]

1. e4 e6 2. d4 b6 3. Nc3 Bb7 4. Bd3 Bb4 5. Nge2 d5 6. 0-0 dxe4 7. Bxe4 c6 8. a3 Be7 9. Bf4 Nf6 10. Bf3 0-0 11. Re1 Nbd7 12. Ng3 Nd5 13. Nxd5 cxd5 14. Be2 Rc8 15. Bd3 Nf6 16. c3 Qd7 17. Re3 g6 18. h4 h5 19. Bg5 Ng4 20. Re2 Kg7 21. Qd2 Rh8 22. Rae1 Bd6 23. Bf4 Rce8 24. Bxd6 Qxd6 25. Qg5 Qd8 26. f3 Nf6 27. Re3 Qd6 28. Ne2 Nh7 29. Qf4 Qxf4 30. Nxf4 Nf6 31. Kf2 Bc6 32. R3e2 a5 33. Rd2 Rb8 34. Bf1 Rhc8 35. Ba6 Re8 36. Bf1 Ba4 37. Nd3 Rec8 38. Ne5 b5 39. Ra1 Bb3 40. Bd3 Rc7 41. Ke3 Ne8 42. Bc2 Bxc2 43. Rxc2 Nd6 44. Nd3 Nf5+ 45. Kd2 Nxh4 46. Nc5 Ra7 47. Kd3 a4 48. g4 Rh8 49. Ke3 Re7 50. Kf4 f6 51. Re1 g5+ 52. Kg3 hxg4 53. Kxg4 f5+ 54. Kg3 Kf6 55. Rce2 Rhe8 56. Nd3 f4+ 57. Kf2 Nf5 58. Ne5 Ne3 59. Rh1 Rg7 60. Rh6+ Ke7 61. Ke1 Nf5 62. Rh3 Nh4 63. Nd3 Rf8 64. Ne5 Rh8 65. Kd1 Rgh7 66. Reh2 Kf6 67. Ng4+ Kg7 68. Re2 Re8 69. Re5 Kg6 70. Re2 Ree7 71. Ne5+ Kf5 72. Reh2 Rh8 73. Rh1 Reh7 74. Ke2 Re8 75. Kd1 Rhh8 76. Ke2 Ng6 77. Nf7 Rxh3 78. Rxh3 Kf6 79. Nd6 Rd8 80. Nb7 Rb8 81. Rh7 e5 82. Nc5 Re8 83. Nd7+ Kf5 84. Rf7+ Ke6 85. Rg7 exd4 86. cxd4 Ne7 87. Ne5 Rg8 88. Rh7 Nf5 89. Kd3 Rg7 90. Rh8 Nd6 91. Rh6+ Ke7 92. Nc6+ Kd7 93. Nb4 Nc4 94. Rh2 Ne3 95. Rh6 Kc7 96. Na6+ Kd8 97. Nc5 Ke7 98. Rb6 g4 99. Rb7+ Kf6 100. Rxg7 Kxg7 101. fxg4 Nxg4 102. Ne6+ Kf7 103. Nxf4 1/2-1/2

[Event "WchT Seniors 65"]
[Site "Prague"]
[Date "2020.03.10"]
[Round "5.7"]
[White "Krauseneck, Peter"]
[Black "Moen, Ole Christian"]
[Result "1-0"]
[WhiteElo "2126"]
[BlackElo "2192"]
[PlyCount "87"]
[EventDate "2020.03.06"]
[EventType "team-swiss"]
[EventRounds "7"]
[EventCountry "CZE"]
[SourceTitle "CBM 195 Extra"]
[Source "ChessBase"]
[SourceDate "2020.05.31"]
[SourceVersion "1"]
[SourceVersionDate "2020.05.31"]
[SourceQuality "1"]
[WhiteTeam "Germany 65 V"]
[BlackTeam "Norway 65"]
[WhiteTeamCountry "GER"]
[BlackTeamCountry "NOR"]

1. d4 Nf6 2. e3 g6 3. f4 Bg7 4. Nf3 d5 5. Bd3 0-0 6. 0-0 b6 7. Qe2 a5 8. c4 e6 9. b3 a4 10. bxa4 Rxa4 11. Nc3 Rxc4 12. Bxc4 dxc4 13. Rd1 Ba6 14. a4 Nc6 15. Ne5 Na5 16. Rb1 Qa8 17. Ba3 Rc8 18. e4 Bb7 19. Re1 Ne8 20. Bb4 Nd6 21. Nf3 c5 22. dxc5 bxc5 23. Bxa5 Qxa5 24. e5 Qxc3 25. exd6 Bd5 26. Ne5 Rd8 27. Rb6 Qd4+ 28. Qf2 c3 29. a5 Bf8 30. d7 f6 31. Nc6 Qxf2+ 32. Kxf2 Rxd7 33. Rc1 c4 34. Kf1 Bc5 35. Rb8+ Kf7 36. Rc8 Bd6 37. Rxc3 Bc7 38. Nb8 Bxa5 39. Ra3 Bb4 40. Nxd7 Bxa3 41. Nb6 Bd6 42. g3 Bb7 43. Rd8 Ke7 44. Rd7+ 1-0